000 00265nam a2200109Ia 4500
008 240109s2007 xx 000 0 und d
041 _aeng
082 _a620
100 _aScott K. N.
245 _aBiomedical Instrumentation
260 _aNew Delhi
_bCBS Pub.
_c2007
999 _c1018860
_d1018860